| 000 | 00395nam a2200157Ia 4500 | ||
|---|---|---|---|
| 005 | 20250528094727.0 | ||
| 008 | 231217s9999 xx 000 0 und d | ||
| 020 | _a9781846146060 | ||
| 082 | _a153.42 KAH;1 | ||
| 100 | _aKahneman, Daniel. | ||
| 245 | 0 | _aThinking, fast and slow | |
| 260 |
_c2011 _bDenguin Group _aLondon |
||
| 300 | _a499 p. | ||
| 650 | _aThinking,,fast,slow | ||
| 942 | _cAA | ||
| 999 |
_c195295 _d195295 |
||